000 00791nam a22002537a 4500
005 20250619103522.0
008 240403b |||||||| |||| 00| 0 eng d
020 _a8422612208
037 _3Donación
040 _aCO-JMCR
_cCO-JMCR
_dCO-JMCR
_erda
041 _aspa
082 _aA-N
_bKONc
100 _eautor
_a Konsalik, Heinz Gumther
_943633
245 _aCorazones perdidos /
_cHeinz G. Konsalik
246 _aHaus der verborenen herzen
260 _aBogotá
_bCirculo de lectores
_c1979
300 _a316 páginas
_c21 cm
500 _aIncluye datos biográficos del autor
650 _2JMCR
_aLiteratura alemana
_9817
650 _2JMCR
_aNovela alemana
_9816
650 _2JMCR
_aAmor en la lliteratura
_943634
700 _aTeresa Parodi
_eTraductor
_943635
942 _2ddc
_cBK
999 _c30731
_d17115